| 000 | 00830cam a22001812a 4500 | ||
|---|---|---|---|
| 001 | 001852 | ||
| 003 | AR-FADEU | ||
| 008 | 311216n########xxu####################dd | ||
| 092 |
_aD348.6 _bD431 |
||
| 100 | _aLuchini, Reinaldo E. | ||
| 245 | _aRevista de Doctrina, Jurisprudencia y Legislación sobre Trabajo y Seguridad Social | ||
| 260 | _aBuenos Aires | ||
| 300 | _a32 v | ||
| 500 | _aLa biblioteca posee los tomos: 14; 15; 17; 18; 19; 20; 21; 22; 23; 24; 25; 26; 28; 29; 30; 31 y 32 correspondientes a los años 1972 al 1990 respectivamente. La obra es una recopilación de revistas organizadas bajo los siguientes índices: Jurisprudencia; Doctrina; Leyes; Decretos; Resoluciones y temático. | ||
| 700 | _aMauricio, Birgin, dir | ||
| 650 | _aDERECHO LABORAL; JURISPRUDENCIA LABORAL; LEGISLACION LABORAL | ||
| 942 | _cBDGR | ||
| 999 |
_c7689 _d7689 |
||